000 00358 a2200157 4500
001 75475
020 _a9788516085667
040 _cAnchieta - Colégio São Paulo
100 _aCarrasco, Walcyr
240 1 0 _aAnjo de quatro patas
_lpor
245 1 0 _aAnjo de quatro patas
300 _a184
362 0 _a2013
650 4 _aFicção brasileira
942 _cBK
999 _c75475
_d75475